000
00314nam a2200109Ia 4500
008
220214s9999 xx 000 0 und d
245
0
_a
Bibliography of document terminology
260
_b
Place de Fontenoy
_a
France
500
_a
Ending Volume & Year: 9, 1969
500
_a
Starting Volume & Year: 8, 1968
942
_c
BJ
999
_c
2552
_d
2552